000 00732nam a2200217 4500
010 _aA-834966
020 _a8185086141
035 _aA-834966
037 _bCen Lib / Ret
040 _aDPL
_bEN
082 _a616.075
_bMAN
110 _bWorld Health Organization.
245 _aManual of basic techniques for a health laboratory /
_cby World Health Organization.
260 _aCalcutta
_bAcademic Publishers
_c1980
270 _a12/1A, Bankim Chatterjee street
_bCalcutta
_e700006
300 _a487p ;
_b27cm(Hb)
650 _aMedical laboratory technology -- Laboratory manuals.
650 _aLaboratory Techniques and Procedures.
650 _aDeveloping Countries.
942 _2ddc
_cEN
_h616.075
_mMAN
999 _c136793
_d136793